[Event "Lugano New Year op"]
[Site "Lugano"]
[Date "2022.01.03"]
[Round "2"]
[White "Beney, Eddy"]
[Black "Jung, Gero"]
[Result "1-0"]
[WhiteElo "1936"]
[BlackElo "1402"]
[PlyCount "81"]
[EventDate "2022.01.02"]
[EventType "swiss"]
[EventRounds "5"]
[EventCountry "SUI"]
[SourceTitle "EXT 2023"]
[Source "ChessBase"]
[SourceDate "2022.10.05"]
[SourceVersion "1"]
[SourceVersionDate "2022.10.05"]
[SourceQuality "1"]

1. e4 c6 2. d4 d5 3. Nc3 dxe4 4. Nxe4 Bf5 5. Ng3 Bg6 6. Nf3 Nd7 7. h4 h6 8. h5 Bh7 9. Bd3 Bxd3 10. Qxd3 e6 11. Bd2 Qb6 12. 0-0-0 Bb4 13. c3 Bd6 14. Ne4 Be7 15. Bf4 Ngf6 16. Nd6+ Bxd6 17. Bxd6 Rd8 18. Rhe1 Nf8 19. Ba3 Nxh5 20. Ne5 Nf4 21. Qe4 N4g6 22. g3 Nxe5 23. Qxe5 Ng6 24. Qxg7 Kd7 25. Qxf7+ Kc8 26. Qxe6+ Rd7 27. Qh3 Qd8 28. Re7 Kc7 29. Rxd7+ Qxd7 30. Qxd7+ Kxd7 31. Re1 Rh7 32. Kd2 Rf7 33. f4 h5 34. Re5 h4 35. gxh4 Rxf4 36. Re7+ Kc8 37. Rh7 Rf5 38. h5 Rd5 39. Kd3 c5 40. Bxc5 b6 41. Ba3 1-0